Participantes do BBB 21 - Statistics

Estatísticas Gerais
  • Esse quiz foi jogado 536 vezes
  • A pontuação média é 17 de 20
Estatísticas das Respostas
Resposta % Correto
Juliette Freire
98%
Karol Conká
97%
Gilberto Nogueira
96%
Camilla de Lucas
93%
Fiuk
92%
Arthur Picoli
91%
Sarah Andrade
90%
Caio Afiune
88%
Carla Díaz
88%
Lucas Penteado
88%
Projota
88%
Rodolffo Matthaus
88%
Viih Tube
88%
Lumena Aleluia
86%
Nego Di
85%
João Luiz
83%
Kerline Cardoso
80%
Pocah
79%
Thaís Braz
79%
Arcrebiano Araújo
72%
Nenhum quiz correspondente encontrado
Distribuição das Pontuações
Porcentagem de Pessoas com Cada Pontuação
Percentil de Números Respondidos
Sua Pontuação Histórica
Você não jogou esse quiz